Normal view
MARC view
- Mourad, Kenizé.
Entry Personal Name
001 - CONTROL NUMBER
- control field: 12762
003 - CONTROL NUMBER IDENTIFIER
- control field: NUST
005 - DATE AND TIME OF LATEST TRANSACTION
- control field: 20181221052247.0
008 - FIXED-LENGTH DATA ELEMENTS
- fixed length control field: 181221|| aca||aabn | a|a d
040 ## - CATALOGING SOURCE
- Original cataloging agency: NUST
- Transcribing agency: NUST
100 ## - HEADING--PERSONAL NAME
- Personal name: Mourad, Kenizé.
670 ## - SOURCE DATA FOUND
- Source citation: Work cat.: (NUST)173132: Mourad, Kenizé., Memories of an Ottoman princess :, 1989.
